Score 0/36 Timer 04:00
4 Plays Today
Title First Word % Correct
____ of PiLife
98.7%
____ FarmAnimal
96%
____ TwistOliver
94.5%
____ You My Mother?Are
92.2%
____ Russia, With LoveFrom
90.7%
____ War ZWorld
87.4%
____: A Space Odyssey2001
85.6%
____ IslandTreasure
85.3%
____ on the Orient ExpressMurder
84.9%
____ and Loathing in Las VegasFear
83.2%
____ the Sidewalk EndsWhere
82.4%
____ Androids Dream of Electric Sheep?Do
78.8%
____ and Present DangerClear
78.5%
____ You ForeverLove
77.7%
____ of a GeishaMemoirs
75.8%
____ of AfricaOut
75.7%
____ BeautyBlack
74.6%
____ ChoiceSophie's
73.7%
Title First Word % Correct
____ ParkJurassic
70.3%
____ On the BountyMutiny
66.9%
____ Moved My Cheese Who
65.9%
____ For AlgernonFlowers
64.3%
____ GirlGone
63.7%
____ and Norah's Infinite PlaylistNick
60.7%
____ the SpyHarriet
58.2%
____ With MorrieTuesdays
58%
____ Falling on CedarsSnow
57.9%
____ FearCape
56.6%
____ GameEnder's
53.7%
____ ParkMansfield
48.5%
____ GodsAmerican
48.3%
____ Peregrine's Home for Peculiar ChildrenMiss
46.3%
____ MoonGoodnight
42.9%
____ TownsPaper
41.8%
____, Germs, and SteelGuns
33.4%
____ Alice Still
27.4%
Remove Ads.
Support Sporcle.
Get the best of Sporcle when you Go Orange. This ad-free experience offers more features, more stats, and more fun while also helping to support Sporcle. Thank you for becoming a member.

You're not logged in!

Compare scores with friends on all Sporcle quizzes.
OR
Log In

Show Comments

Extras

Top Quizzes Today


Score Distribution

Your Account Isn't Verified!

In order to create a playlist on Sporcle, you need to verify the email address you used during registration. Go to your Sporcle Settings to finish the process.

Report this User

Report this user for behavior that violates our Community Guidelines.

Details: